| 000 | nam a22 a 4500 | ||
|---|---|---|---|
| 999 |
_c3739 _d3739 |
||
| 005 | 20170523162138.0 | ||
| 008 | 170523b2000 ch ||||| |||| 00| 0 eng d | ||
| 020 | _a1840001860 | ||
| 040 | _aAKMAL | ||
| 082 | _a739.48 EDW | ||
| 090 |
_a739.48 _bEDW |
||
| 245 |
_aPowder Compacts / _cJuliette Edwards |
||
| 260 |
_aGreat Britain _bOctopus Publishing _c2000 |
||
| 300 |
_a64 p. _ccm |
||
| 942 |
_2ddc _cBOOK |
||